Top 25 players of all time - Statistics

General Stats
  • This quiz has been taken 22 times
  • The average score is 14 of 25
Answer Stats
ranking % Correct
James
93%
Jordan
93%
Johnson
73%
Bryant
67%
Bird
60%
Malone
60%
Malone
60%
Russell
60%
West
60%
Chamberlain
53%
Curry
53%
Duncan
53%
Durant
53%
Garnett
53%
Nowitzki
53%
Olajuwon
53%
O'neal
53%
Robertson
53%
Jabbar
47%
Robinson
47%
Wade
47%
Barkley
40%
Baylor
40%
Erving
33%
Bennett
20%
No matching quizzes found
Score Distribution
Percent of People with Each Score
Percentile by Number Answered
Your Score History
You have not taken this quiz